Segundo Seminario Chileno de Tecnología de los Alimentos, estudio de la materia prima: carne y pesca
Saved in:
| Corporate Authors: | , , |
|---|---|
| Format: | Book |
| Language: | Spanish |
| Published: |
Santiago
Instituto de Ciencia y Tecnología de Alimentos, Facultad de Agronomía, Universidad de Chile
1968
|
| Subjects: | |
| Tags: |
Add Tag
No Tags, Be the first to tag this record!
|
MARC
| LEADER | 00000nam a2200000 a 4500 | ||
|---|---|---|---|
| 001 | UCR6667 | ||
| 003 | CL-VaPUC | ||
| 005 | 20230816131931.0 | ||
| 008 | 980423e19680000cl 1 spa d | ||
| 082 | 0 | 4 | |a 664.9 |b SOC |2 21 |
| 110 | 2 | |a Sociedad Chilena de Tecnología de Alimentos |e author |9 618896 | |
| 710 | 2 | |a Instituto de Ciencia y Tecnología de Alimentos, Facultad de Agronomía, Universidad de Chile |e author |9 618897 | |
| 710 | 2 | |a Ministerio de Agricultura |e author |9 618898 | |
| 245 | 1 | 0 | |a Segundo Seminario Chileno de Tecnología de los Alimentos, estudio de la materia prima: carne y pesca |
| 260 | |a Santiago |b Instituto de Ciencia y Tecnología de Alimentos, Facultad de Agronomía, Universidad de Chile |c 1968 | ||
| 300 | |a 48 p | ||
| 583 | |a last modification |c 19980423 00:00:00 |k Rodrigo Vera | ||
| 650 | 0 | 7 | |a TECNOLOGIA DE ALIMENTOS |2 CL-VaPUC |9 618899 |
| 650 | 0 | 7 | |a PRODUCTOS CARNEOS |2 CL-VaPUC |9 338602 |
| 650 | 0 | 0 | |a Carne |9 259507 |
| 650 | 0 | 0 | |a Alimentos marinos |9 259402 |
| 942 | |c BK | ||
| 945 | |a crobeson |d 19980423 00:00:00 | ||
| 546 | |a En Español | ||
| 536 | |a Sociedad Chilena de Tecnología de Alimentos | ||
| 518 | |p Seminario Chileno de Tecnología de Alimentos, 2, Santiago, Octubre de 1967 | ||
| 999 | |c 383151 |d 383149 | ||
| 952 | |0 0 |1 0 |4 0 |6 664_900000000000000_SOC_1968 |7 0 |8 A |9 505181 |a BIBALI |b BIBALI |d 2020-01-23 |i 1981196 |o 664.9 SOC 1968 |p 1981196 |r 2025-01-20 |w 2020-01-23 |y BK |k ALI | ||